000 00453nam a22001817a 4500
003 NUST - PNEC
005 20170116181106.0
008 151003b xxu||||| |||| 00| 0 eng d
020 _a-
040 _cLIBRARY
082 _a671 ATK
100 _912652
_aAtkins, E. Arthur
245 _aPractical sheet and plate metal work
_cE. Arthur Atkins
250 _a6th ed.
260 _cc.1954
650 _912654
_aSheet-metal work
_xME
942 _2ddc
_cBK
999 _c68940
_d68940